[Event "Poti Aleksandria Cup 11th"]
[Site "Poti"]
[Date "2016.07.14"]
[Round "2"]
[White "Afzoon, Danial"]
[Black "Tsomaia, Nikoloz"]
[Result "0-1"]
[WhiteElo "1895"]
[BlackElo "2168"]
[PlyCount "76"]
[EventDate "2016.07.13"]
[EventType "swiss"]
[EventRounds "9"]
[EventCountry "GEO"]
[SourceTitle "CBM 173 Extra"]
[Source "ChessBase"]
[SourceDate "2016.08.29"]
[SourceVersion "1"]
[SourceVersionDate "2016.08.29"]
[SourceQuality "1"]

1. d4 Nf6 2. Nf3 c5 3. e3 d5 4. c4 cxd4 5. exd4 Nc6 6. Nc3 Be6 7. c5 Ne4 8. Qb3 Nxc3 9. Qxc3 Bg4 10. Be2 g6 11. 0-0 Bg7 12. Rd1 0-0 13. Bf4 e6 14. Qe3 Bxf3 15. Bxf3 b6 16. Bg5 Bf6 17. Bxf6 Qxf6 18. Rac1 bxc5 19. Rxc5 Ne7 20. Bg4 h5 21. Bh3 Rfc8 22. Rdc1 Rxc5 23. Rxc5 g5 24. g3 g4 25. Bf1 Nf5 26. Qe5 Qxe5 27. dxe5 Nd4 28. b4 Nf3+ 29. Kg2 Nxe5 30. a4 Kf8 31. Rc7 d4 32. Rc5 f6 33. Bc4 Ke7 34. Kf1 Kd6 35. Ba6 Rb8 36. Bb5 a6 37. Bxa6 Rxb4 38. Ra5 d3 0-1